Názory bankovej komisie MOK 1995-1996 odpovede na otázky týkajúce sa JZP 400, JZP 500 a JPI 322

Salvato in:
Dettagli Bibliografici
Altri autori: Szabóová, Alžbeta
Natura: Libro
Lingua:slovacco
Pubblicazione: Bratislava Slovenská obchodná a priemyselná komora 1998
Soggetti:
Tags: Aggiungi Tag
Nessun Tag, puoi essere il primo ad aggiungerne!!

MARC

LEADER 00000nam a2200000 4500
001 c102570
005 20230220124132.4
020 |a 80-85588-45-5 
041 0 |a slo 
044 |a SK 
245 1 0 |a Názory bankovej komisie MOK 1995-1996  |b odpovede na otázky týkajúce sa JZP 400, JZP 500 a JPI 322  |c [preložila]: Alžbeta Szabóová 
264 1 |a Bratislava  |b Slovenská obchodná a priemyselná komora  |c 1998 
300 |a 96 s. 
610 2 0 |a banky 
610 2 0 |a bankovníctvo 
610 2 0 |a poradenstvo 
610 2 0 |a problémy globálne 
610 2 0 |a vzťahy obchodné záväzkové 
610 2 0 |a vzťahy peňažné medzinárodné 
610 2 0 |a kontrola banková 
610 2 0 |a predpisy 
700 1 |a Szabóová, Alžbeta